000 02821cam a22005534i 4500
003 PE-LiUPU
005 20250731184544.0
008 150623s1999 xxua r 000 0 spa d
020 _a0881135534
020 _a9780881135534
035 _a(Sirsi) i9780881135534
040 _aPE-LiUPU
_bspa
_cPE-LiUPU
_erda
049 _aPRUA
082 0 4 _a922
_bG79
_221
082 0 4 _a922
_bG79 1999
100 1 _aGraham, Franklin,
_eautor.
245 1 3 _aUn rebelde con causa :
_bAutobiografía /
_cFranklin Graham ; traducción Ricardo Acosta.
264 1 _aEE.UU. :
_bCaribe,
_c1999.
300 _a306 páginas ;
_c18 centímetros.
336 _atext
_2rdacontent
337 _aunmediated
_2rdamedia
338 _avolume
_2rdacarrier
505 0 _aEnormes huellas para rellenar -- Rifles, perros y rocanrol -- El rebelde se va al norte -- Peleas sureños y policías -- Alaska, mamá en moto y vuelos -- Whisky, mujeres y doble tracción -- Mohammed y las oraciones del decierto.l - Expulción total -- El sicario de Dios -- Cigarrillos el altar y la serpiente -- "La oportunidad de Dios" -- La oración del abuelo -- "Con agallas para Jesús" -- Lecciones difíciles -- Escape bajo una lluvia de balas -- Caen las cortinas de hierro y de bambú -- No más Hitler -- Operación rescate en el desierto -- "¡Dios no ama a los Kurdos!" -- Puntos de referencia -- Dennis: Un amigo en las buenas y en las malas -- Un pequeño hogar de paz en medio de un mar de verguenza -- No quedan demonios en el infierno -- Al fin no me molesta ser Graham.
526 _aP136
526 _aP135
526 _aP134
526 _aP133
526 _aP144
526 _aP143
526 _aP87
526 _aP35
526 _aP20
526 _aP14
526 _aP10
526 _aP06
541 _g0001401;
600 0 4 _aGraham, William Franklin, 1952- (Evangélico)
_xAutobiografía.
650 1 4 _aPersonajes religiosos
_vAutobiografía.
700 1 _aAcosta, Ricardo,
_etraductor.
910 _btqv
_cwelc
_d20171017
942 _2ddc
_cBOOK
949 _a922 G79
_wDEWEY
_c1
_i55027
_lCCODEBUL1
_mBUL
_r0
_sY
_tBOOK
_u2015-6-24
_xTEOLOGIA
_PP35
_0COMPRA
_o.STAFF. Colección General
949 _a922 G79 1999
_wDEWEY
_c1
_iFJ09013
_lCCODEBUJ1
_mBUJ
_p15.00
_r0
_sY
_tBOOK
_u2017-10-17
_xBIBLIOTECA
_zUNKNOWN
_0COMPRA
_o.STAFF. Colección General Juliaca
994 _aC0
_bPEPRU
596 _a1 3
999 _a922 G79
_wDEWEY
_c35539
_i55027
_f2021-11-8
_g5
_lCCODEBUL1
_mBUL
_r0
_sY
_tBOOK
_u2015-6-24
_xBIBLIOTECA
_PP35
_0COMPRA
_o.STAFF. Colección General
_d35539
999 _a922 G79 1999
_wDEWEY
_c1
_iFJ09013
_f2022-2-2
_g4
_lCCODEBUJ1
_mBUJ
_p15.00
_r0
_sY
_tBOOK
_u2017-10-17
_xBIBLIOTECA
_zUNKNOWN
_0COMPRA
_o.STAFF. Colección General Juliaca
980 _81
_gALBERTO SANCHEZ Responsable de Automatización